000 00256nam a2200109Ia 4500
008 190914s9999||||xx |||||||||||||| ||und||
100 _aHarvey S.Rosen
245 0 _aPublic Finance
260 _aNew delhi
_bMcGraw Hill
_c2005
300 _a842
942 _cBK
999 _c9970
_d9970